00510 a2200145 4500001001000000005001700010008004100027245001300068100001900081700002300100700002500123700002500148700003400173773015700207ART_4324220260410161737.0260409a 10aMercosur1 aNofal, Beatriz1 aMayoral, Alejandro1 aFortini, Hernando L.1 aFerreira Lima, Leocy1 aCorrea, Luiz Felipe de Seixas0 tEjecutivos de finanzasg¿Quiénes estarán trabajando en el año 2000? ¿Quién protege a los accionistas? - Año 13, Nº 140 (oct. 1997)wREV2863